000 01374nam a22001577a 4500
041 _aukr
080 _a82
090 _bКУШ
100 _aКушнерик В. Ю.
245 _aАльтернативні методи навчання іноземних мов
260 _aОстрог
_bКАФ
_c2012
300 _a45
520 _aВСТУП РОЗДІЛ 1 РОЗВИТОК ПІДХОДІВ ДО ВИВЧЕННЯ ІНОЗЕМНИХ МОВ 1.1 Пошуки альтернативного класичного типу навчання 1.2 Основні методи вивчення іноземних мов у ХХ і ХХІ столітті РОЗДІЛ ІІ ОСОБЛИВОСТІ ВИВЧЕННЯ ІНОЗЕМНИХ МОВ ПРИ ВИКОРИСТАННІ НЕСТАНДАРТНИХ ТА АЛЬТЕРНАТИВНИХ ПІДХОДІВ 2.1 Характеристика нестандратних форм навчання: переваги і недоліки 2.2 Альтернативні технології навчання іноземних мов РОЗДІЛ ІІІ ДОСЛІДЖЕННЯ ВПЛИВУ АЛЬТЕРНАТИВНИХ МЕТОДІВ НАВЧАННЯ НА ПРОЦЕС ВИВЧЕННЯ ІНОЗЕМНОЇ МОВИ НА ПРИКЛАДІ ГРИ ВИСНОВКИ
_0Іноземні мови,гра
650 _aResearch Papers
999 _c284931
_d284931
942 _cBK